000 00908nam a2200205Ia 4500
999 _c64126
_d64126
005 20240530110716.0
008 140319s2011 ju a 000 0 ara d
017 _a211/1/206
_bالاردن . دائرة المكتبة الوطنية
040 _aGCL /
_cGCL
082 0 4 _221
_a301\
_bو ن
100 1 _aوالاس ، رث
245 1 2 _aالنظرية المعاصرة فى علم الاجتماع :
_bتمدد افاق النظرية الكلاسيكية /
_cرث والاس ، السون وولف ؛ ترجمة محمد عبدالكريم الحورانى .
250 _aط.1
260 _aعمان :
_bدار مجدلاوى للنشر والتوزيع ،
_c2010 .
300 _a704 ص. ؛
_c24 سم.
650 0 7 _2qrmak
_aالاجتماع ، علم
700 0 _aالسون وولف
_eمؤلف مشارك
700 0 _aمحمد عبدالكريم الحورانى
_eمترجم
942 _2ddc
_cBK